| 000 | 00379nam a2200145Ia 4500 | ||
|---|---|---|---|
| 008 | 150128s9999 xx 000 0 und d | ||
| 020 | _a0812522788 | ||
| 050 |
_aCLA _bK53j 1995 |
||
| 100 | _aKipling, Rudyard. | ||
| 245 | 4 | _aThe jungle book 2 / | |
| 250 | _aRudyard Kipling. | ||
| 260 |
_aNew York: _bTor Books, _c1995. |
||
| 300 |
_a177 pages : _c18 cm. |
||
| 650 | _xFiction. | ||
| 999 |
_c278885 _d278885 |
||